| 000 | 00736nam a2200229Ia 4500 | ||
|---|---|---|---|
| 003 | OSt | ||
| 005 | 20220926000001.0 | ||
| 006 | a|||||r|||| 00| 0 | ||
| 007 | ta | ||
| 008 | 220923b |||||||| |||| 00| 0 eng d | ||
| 037 | _cGeneral Book | ||
| 040 |
_aRTL _cRTL _beng |
||
| 041 |
_2eng _aeng |
||
| 082 | _aX9(E).2.N81 - N80s, M1 | ||
| 110 |
_aIndia(Gout. of-), Department of Chemicals and Fertilizers. _9301999 |
||
| 245 | 0 | _aIndian Drugs statistics 1980-81. | |
| 260 |
_a New Delhi _bGovernment of India. _c1980 |
||
| 300 |
_av; 276p. _ccm. |
||
| 700 |
_aIndia(Gout. of-), Department of Chemicals and Fertilizers. _9302000 |
||
| 942 |
_hX9(E).2.N81 - N80s, M1 _cGB _2CC |
||
| 999 |
_c598289 _d598289 |
||